000 00476nam a2200157 4500
001 120122
003 ES-MaACL
005 20230906191453.0
007 t|
008 070214s1961 sp r ||||1| eng d
100 1 _aPérez de Vega, Francisco.
_990814
245 1 0 _aBeautiful Rosalind and minor poems /
_cby Francisco Pérez de Vega.
260 _aMadrid :
_bComercial Española de Ediciones,
_c1961.
300 _a38 p. ;
_c26 cm.
852 _aES-MaACL
_j2009-F-22
_bR.48152
999 _c120122
_d120122